Szczegóły MARC21

Robert Musil : in Selbstzeugnissen und Bilddokumenten /

003 -Nazwa inst., której nr kontr. jest w polu 001 [,]
    • @
    • Nazwa instytucji, której n kontrolny jest w polu 001
    • NUKAT
005 -DATA I CZAS OSTATNIEJ MODYFIKACJI [,]
    • @
    • pole kontrolne
    • 20241231114928.0
020 -Międzynarod. znormalizowany nr książki - ISBN [ , ]
    • a
    • Numer ISBN
    • 3499500817 Find
040 -Instytucja sporządzająca opis [ , ]
    • a
    • Instytucja, która sporządziła opis (NP)
    • SZCZ U/KP
    • c
    • Instytucja, która sporządziła rekord (NP)
    • SZCZ U/KPs
    • d
    • Instytucja, która zmodyfikowała rekord (P)
    • SZCZ U/KP
942 -Rodzaj dokumentu [ , ]
    • c
    • Rodzaj dokumentu
    • Książka
100 -Hasło główne - nazwa osobowa [1, ]
    • a
    • Nazwa osobowa (NP)
    • Berghahn, Wilfried.
    • 9
    • KHW
    • 432177
245 -Strefa tytułu i oznaczenia odpowiedzialności [1,0]
    • a
    • Tytuł
    • Robert Musil : Find
    • b
    • Ciąg dalszy tytułu (NP)
    • in Selbstzeugnissen und Bilddokumenten / Find
    • c
    • Pozostałe elementy strefy tytułu i oznaczenia odpowiedzialności (NP)
    • dargest. von Wilfried Berghahn.
250 -Strefa wydania [ , ]
    • a
    • Oznaczenie wydania (NP)
    • 80. - 83. Tsd.
260 -Strefa adresu wydawniczego [ , ]
    • a
    • Miejsce wydania (P)
    • Reinbek bei Hamburg :
    • b
    • Nazwa wydawcy (P)
    • Rowohlt,
    • c
    • Data wydania (P)
    • 1984.
300 -Strefa opisu fizycznego [ , ]
    • a
    • Określenie formy książki i/lub objętość (NP)
    • 182, [5] s. ;
    • c
    • Format (NP)
    • 19 cm.
336 -Typ zawartości [ , ]
    • a
    • Termin opisujący typ zawartości
    • Tekst
    • b
    • Kod określający zawartość
    • txt
    • 2
    • Źródło (terminu i kodu)
    • rdacontent
337 -Typ mediów [ , ]
    • a
    • Tryb odtwarzania
    • Bez urządzenia pośredniczącego
    • b
    • Kod typu mediów
    • n
    • 2
    • Źródło (terminu i kodu)
    • rdamedia
338 -Typ/rodzaj nośnika [ , ]
    • a
    • Hasło opisujące typ nośnika
    • Wolumin
    • b
    • Kod typu nośnika
    • nc
    • 2
    • Źródło (terminu i kodu)
    • rdacarrier
490 -Strefa serii i książki wielotomowej - forma nie do wyszukiwania [1, ]
    • a
    • Tytuł (P)
    • Rororo Bildmonographien ; Find
    • v
    • Numeracja (P)
    • 81
830 -Hasło dodatkowe serii i opisu książki wielotomowej - tytuł ujednolicony/tytuł [ ,0]
    • a
    • Tytuł ujednolicony/tytuł (NP)
    • Rowohlts Monographien
    • x
    • ISSN
    • 0485-5256
    • v
    • Oznaczenie tomu (NP)
    • 81
    • 9
    • KHW
    • 59805
504 -Uwaga dot. bibliogr. załącznikowej [ , ]
    • a
    • Uwaga dot. bibliografii załącznikowej
    • Bibliogr. s. 166-183. Indeks.
600 -Hasło przedmiotowe w formie nazwy osobowej [1,7]
    • a
    • Nazwa osobowa
    • Musil, Robert
    • d
    • Daty związane z nazwą
    • (1880-1942)
    • v
    • Określnik formalny
    • biografie.
    • 2
    • Źródło terminu
    • kaba
    • 9
    • KHW
    • 432075
920 -ISBN [ , ]
    • a
    • ISBN
    • 3-499-50081-7 Find
Status udost. Numer inwentarzowy Lokalizacja Sygnatura
-3G.1631BMGerm. Literaturozn. - Musil 01